01278nam a2200337Ia 4500001001200000003000800012006001900020007001500039008004100054010001700095020001800112020001800130020001500148020001500163040002100178035002100199050002100220245011600241260005700357300001500414504005100429533015200480650003300632650003400665655002900699700002100728700002900749710001700778856012600795999001900921ebr10218292CaPaEBRm u cr cn|||||||||010702s2001 enk sb 001 0ceng d z 00136384  z9780761965893 z9781847871237 z0761965890 z0761965882 aCaPaEBRcCaPaEBR a(OCoLC)27093355114aH61b.P74 2001eb00aProfiles in contemporary social theoryh[electronic resource] /cedited by Anthony Elliott and Bryan S. Turner. aLondon ;aThousand Oaks :bSAGE Publications,c2001. axv, 400 p. aIncludes bibliographical references and index. aElectronic reproduction.bPalo Alto, Calif. :cebrary,d2013.nAvailable via World Wide Web.nAccess may be limited to ebrary affiliated libraries. 0aSocial sciencesxPhilosophy. 0aSocial scientistsvBiography. 7aElectronic books.2local1 aTurner, Bryan S.1 aElliott, Anthony,d1964-2 aebrary, Inc.40uhttp://site.ebrary.com/lib/rucke/Doc?id=10218292zAn electronic book accessible through the World Wide Web; click to view c130003d130003